LIBRARY & INFORMATION CENTRE, KCAET, TAVANUR

ONLINE PUBLIC ACCESS CATALOGUE (OPAC)

Normal view MARC view
  • LISSY KIRIAN

Entry Personal Name

Number of records used in: 1

001 - CONTROL NUMBER

  • control field: 2971

003 - CONTROL NUMBER IDENTIFIER

  • control field: OSt

005 - DATE AND TIME OF LATEST TRANSACTION

  • control field: 20180303110830.0

008 - FIXED-LENGTH DATA ELEMENTS

  • fixed length control field: 180303|| aca||aabn | a|a d

040 ## - CATALOGING SOURCE

  • Original cataloging agency: OSt
  • Transcribing agency: OSt

100 ## - HEADING--PERSONAL NAME

  • Personal name: LISSY KIRIAN

670 ## - SOURCE DATA FOUND

  • Source citation: Work cat.: (OSt): LISSY KIRIAN, Fabrication and testing of a low cost flat plat collector - cum storage solar water heater, 1990
free website counter